| 000 | 00882nas a2200289 4500 | ||
|---|---|---|---|
| 001 | BR2016003807 | ||
| 003 | BR-BrBNA | ||
| 005 | 20231205130557.0 | ||
| 007 | ta | ||
| 008 | 230509b bl.|||p| |||| 00| 00por d | ||
| 040 |
_aBR-BrBNA _bpor _cBiblioteca Nacional de Agricultura |
||
| 041 | _a(Pt) | ||
| 072 | _aF01; E16 | ||
| 100 | 1 | _aSantinato, F. | |
| 100 | 1 | _aRuas, R.A.A. | |
| 100 | 1 | _aSilva, R.P. da | |
| 100 | 1 | _aDuarte, A.P. | |
| 100 | 1 | _aSantinato, R. | |
| 245 | 1 | _aAnálise econômica da colheita mecanizada do café utilizando repetidas operações da colhedora | |
| 650 | _aCAFÉ | ||
| 650 | _aCOLHEITA MECÂNICA | ||
| 650 | _aANÁLISE ECONÔMICA | ||
| 650 | _aCUSTO OPERACIONAL | ||
| 773 | 0 |
_tCoffee Science (Brazil) _xISSN 1809-6875 _g(Jul-Sep 2015), v. 10(3) p. 402-411 _wBR2016003807 |
|
| 909 |
_a202311 _bLúcia _c55 _dLúcia Elande |
||
| 942 |
_2AGRIS _n0 _cANA |
||
| 999 |
_c250192 _d250192 |
||